000 00815nam a2200217 a 4500
001 000041370
005 20201002034829.0
008 130920s1995 sp 000 0 spa d
020 _a8400072421
040 _aDO-SdBNP
_bspa
_cBNPHU
100 1 _aLlera, Luis de
_968021
245 1 0 _aLa España de posguerra :
_bun testimonio /
_cLuis de Llera y Jose Andres-Gallego.
260 _aMadrid :
_bConsejo Superior de Investigaciones Científicas :,
_c1995.
300 _a183 p. ; :
_bil. ;
_c21 cm.
490 1 _aMonografías
_v1
504 _aBibliografía p. 181-183
504 _aIncluye referencias bibliográficas y notas al pie de las páginas
700 1 _aAndrés-Gallego, José
_d1944-
_915199
710 2 _aConsejo Superior de Investigaciones Científicas (España)
_915178
830 0 _aMonografías
_n1
_953383
999 _c40860
_d40860